[Event "HCL-B3515"]
[Site "www.playchess.de"]
[Date "2006.01.10"]
[Round "4"]
[White "Daniela_Rodenas"]
[Black "arsenic"]
[WhiteElo "1206"]
[BlackElo "1121"]
[PlyCount "139"]
[Result "1-0"]

1.d4 {Good game! From Rio de Janeiro}  e6 2.c4 d5 
3.cxd5 exd5 4.Nf3 Bg4 5.Nbd2 Bd6 6.e3 Nf6 7.Qb3 b6 
8.Be2 O-O 9.O-O Nbd7 10.h3 Bxf3 11.Bxf3 c6 12.Qd3 
Re8 13.b3 c5 14.Bb2 cxd4 15.Bxd4 Be5 16.Rac1 Bxd4 
17.exd4 h6 18.Qf5 Qc8 19.Rxc8 Raxc8 20.Bxd5 Nxd5 
21.Qxd5 Nf6 22.f3 Nxd5 23.Ne4 Ne3 24.Re1 Nf5 25.d5 
Rc2 26.Nf6+ gxf6 27.Rxe8+ Kg7 28.Rd8 Rd2 29.g4 Ne3 
30.d6 Rd1+ 31.Kf2 Nc2 32.d7 Nb4 33.Kg3 Nc6 34.Rc8 
Rxd7 35.Rxc6 Kf8 36.Rxf6 Kg7 37.Rf4 Rd2 38.a4 Rb2 
39.Rb4 f6 40.h4 Kg6 41.h5+ Kf7 42.Kf4 Ke6 43.Ke3 
f5 44.Rb5 fxg4 45.fxg4 Kf6 46.Kd3 Rb1 47.Rb4 Kg5 
48.Ke3 Re1+ 49.Kf2 Rb1 50.Kg2 Rb2+ 51.Kf3 Kf6 
52.Rf4+ Kg7 53.b4 Rb3+ 54.Kg2 Rb2+ 55.Kf3 Rb3+ 
{(offering draw)}  56.Ke2 Rb2+ 57.Kd3 Rb3+ 58.Kc4 
Ra3 59.Kb5 Ra2 60.Rd4 Kf6 61.Rd7 Rg2 62.Rxa7 Rxg4 
63.Rc7 Rg5+ 64.Kxb6 Rxh5 65.Rc6+ Ke7 66.a5 Rh4 
67.b5 Ra4 68.Rxh6 Rf4 69.a6 Rf8 
70.Kb7 1-0

[Event "HCL-B3755"]
[Site "www.playchess.de"]
[Date "2006.01.10"]
[Round "4"]
[White "vulcan"]
[Black "torbalan"]
[WhiteElo "1206"]
[BlackElo "1245"]
[PlyCount "54"]
[Result "0-1"]

1.e4 d5 2.exd5 Qxd5 3.Nc3 Qd8 4.d4 c6 5.Nf3 Bg4 
6.Be2 h6 7.h3 Bf5 8.O-O Nf6 9.g4 Bh7 10.Bd3 Bxd3 
11.Qxd3 e6 12.Ne5 Be7 13.f4 O-O 14.Ne4 Nbd7 15.Rd1 
Nd5 16.c4 N5f6 17.Nxf6+ Bxf6 18.Nxd7 Qxd7 19.g5 
hxg5 20.fxg5 Be7 21.g6 fxg6 22.Qxg6 Rf6 23.Qh5 Qe8 
24.Bg5 Qxh5 25.h4 Rg6 26.Kf2 Bxg5 27.hxg5 
Rf8+ 0-1

[Event "HCL-E1487"]
[Site "www.playchess.de"]
[Date "2006.01.10"]
[Round "31"]
[White "Vinci"]
[Black "pruliere"]
[WhiteElo "1621"]
[BlackElo "1818"]
[PlyCount "60"]
[Result "0-1"]

1.e4 {hi and have a nice game}  e6 2.d4 g6 {have a 
nice game too}  3.Nf3 Bg7 4.Bg5 Ne7 5.Nbd2 Nbc6 
6.Nb3 d6 7.Be2 h6 8.Bh4 g5 9.Bg3 f5 10.exf5 Nxf5 
11.c3 Nxg3 12.hxg3 Qf6 13.Nfd2 O-O 14.f3 g4 15.Ne4 
Qg6 16.Bd3 gxf3 17.gxf3 d5 18.Nf2 Qxg3 19.Be2 e5 
20.dxe5 Qxe5 21.Nd3 Qg3+ 22.Kd2 Ne5 23.Nxe5 Qxe5 
24.Qg1 Bf5 {Hello Vinci, I'm gonna leave town for 
a couple of weeks tomorrow and I won't probably 
able to follow our game! So be patient! Thx and 
merry Xmas...}  25.Re1 {ok, no problem, that s 
life, enjoy your trip and merry xmas and a happy 
new year!}  Qf4+ {I am back...I wish you a very 
good year...Gerard}  26.Kd1 {happy new year! 
thanks!}  Qa4 27.Kc1 Qxa2 28.Bd1 {this is the end 
;-)}  Qb1+ {yes pretty much....but a mistake is 
allways possible, as i unfortunatly learned 
recently!}  29.Kd2 {i agree totaly, a desaster, my 
position... i will soon give up, thanks for the 
game}  Qxb2+ {thanks to you too...}  30.Ke3 
Qxc3+ 0-1

[Event "HCL-A2544"]
[Site "www.playchess.de"]
[Date "2006.01.10"]
[Round "7"]
[White "mitke"]
[Black "ippuli"]
[WhiteElo "1337"]
[BlackElo "1606"]
[PlyCount "60"]
[Result "1/2-1/2"]

1.e4 {Hello from Croatia}  e5 {Hello from 
Finland... Good luck!}  2.Nf3 f5 3.Nc3 Nc6 4.Bb5 
d6 5.d4 Bd7 6.dxe5 Nxe5 7.Bxd7+ Nxd7 8.Bg5 Ngf6 
9.O-O Be7 10.Re1 O-O 11.exf5 h6 12.Bh4 Re8 13.Nd4 
Nc5 14.Ne6 Nxe6 15.fxe6 Nh7 16.Bxe7 Rxe7 17.Nd5 
Re8 18.Qg4 c6 19.Nf4 Qf6 20.Nh5 Qg5 21.Qe2 Nf6 
22.Nxf6+ Qxf6 23.c3 Re7 24.Qc4 Rae8 25.Re2 
{(offering draw)}  d5 26.Qg4 R7xe6 27.Rae1 R6xe2 
28.Rxe2 Rxe2 29.Qxe2 Qf4 30.g3 Qc1+ {(offering 
draw) You are right!}  1/2-1/2

[Event "HCL-B3740"]
[Site "www.playchess.de"]
[Date "2006.01.10"]
[Round "5"]
[White "epenz"]
[Black "dc"]
[WhiteElo "1005"]
[BlackElo "919"]
[PlyCount "78"]
[Result "0-1"]

1.e4 e5 {:-)}  2.Nf3 Nc6 3.Bb5 Bc5 4.d3 a6 5.Bxc6 
dxc6 6.O-O {you have another game with me...}  Bg4 
{We are playing a lot of games lately...}  7.Nbd2 
{C3962-1 ??? you didnt play it the last 10 
days...}  Qd6 {No - sorry.  I'm going to place low 
in that tourney and don't want to be demoted so 
soon...}  8.h3 Bh5 9.a3 Nh6 10.Nc4 Qf6 11.Bg5 Qg6 
12.Ncxe5 Qe6 13.Bxh6 gxh6 14.Re1 O-O-O 15.b4 Bb6 
16.c4 Rhg8 17.g4 f6 18.c5 fxe5 19.cxb6 cxb6 20.a4 
Bxg4 21.hxg4 Qxg4+ 22.Kf1 Rdf8 23.Re3 Qg2+ 24.Ke2 
Qg4 25.Qh1 Rf4 26.Rg1 Qe6 27.Rxg8+ Qxg8 28.Qxh6 
Qa2+ 29.Nd2 Qf7 30.Nc4 Rxf2+ 31.Kd1 Rf1+ 32.Re1 
Qf3+ 33.Kc2 Rf2+ 34.Nd2 Qf7 35.Qh3+ Kb8 36.Rf1 
Qa2+ 37.Kc3 Qxd2+ 38.Kb3 Qb2+ 39.Kc4 Qc2+ {~Nice 
game.}  0-1

[Event "HCL-E1539"]
[Site "www.playchess.de"]
[Date "2006.01.10"]
[Round "16"]
[White "yannick"]
[Black "ippuli"]
[WhiteElo "1604"]
[BlackElo "1614"]
[PlyCount "40"]
[Result "1/2-1/2"]

1.e4 {hi my friend good tournament}  e5 {To you, 
too... :o)}  2.Nf3 f5 3.exf5 d6 4.d4 e4 5.Bg5 Nf6 
6.Nh4 Nbd7 7.Be2 Be7 8.Nc3 O-O 9.Qd2 h6 10.Bxh6 
gxh6 11.Qxh6 Rf7 12.Ng6 Rh7 13.Bc4+ d5 14.Nxe7+ 
Qxe7 15.Nxd5 Nxd5 16.Bxd5+ Kh8 17.Qg6 Nf6 18.Bc4 
Qb4+ 19.c3 Qxc4 20.Qxf6+ Kg8 {(offering draw)} 
 1/2-1/2

[Event "HCL-B3788"]
[Site "www.playchess.de"]
[Date "2006.01.10"]
[Round "20"]
[White "dg"]
[Black "handrej68"]
[WhiteElo "1189"]
[BlackElo "1437"]
[PlyCount "23"]
[Result "1-0"]

1.e4 {hi}  c6 {ciao!}  2.d4 d5 3.e5 c5 4.Nf3 Bg4 
5.dxc5 Nc6 6.Be2 e6 7.Bf4 Bxc5 8.h3 Bxf3 9.Bxf3 
Nge7 10.Nc3 Ng6 11.Bh2 Ncxe5 12.O-O 1-0

[Event "HCL-B3788"]
[Site "www.playchess.de"]
[Date "2006.01.10"]
[Round "5"]
[White "Akkarin"]
[Black "Rambo"]
[WhiteElo "1340"]
[BlackElo "1361"]
[PlyCount "55"]
[Result "1-0"]

1.d3 {Hello from Imardin, Kyralia}  e5 2.Nd2 Nf6 
3.Ngf3 Bb4 4.c3 Bc5 5.h3 Nc6 6.e4 d5 7.Qc2 dxe4 
8.dxe4 O-O 9.Be2 Be6 10.b4 Bd6 11.a3 Qd7 12.Bc4 
Rad8 13.Bxe6 Qxe6 14.O-O Nh5 15.Nb3 Nf4 16.Bxf4 
exf4 17.Nbd2 Ne5 18.Nxe5 Bxe5 19.f3 Qc6 20.Rac1 
Rfe8 21.c4 Bd4+ 22.Kh1 Be3 23.Rcd1 Bxd2 24.Rxd2 
Rxd2 25.Qxd2 Qxc4 26.Rc1 Qb3 27.Qxf4 Qxa3 
28.Rxc7 1-0

[Event "HCL-B3788"]
[Site "www.playchess.de"]
[Date "2006.01.10"]
[Round "12"]
[White "PhilipKaveny"]
[Black "Rambo"]
[WhiteElo "1384"]
[BlackElo "1361"]
[PlyCount "87"]
[Result "1-0"]

1.e4 {He Rambo}  e5 {Hey how are you?}  2.Bc4 Nf6 
3.Nf3 {Dooooin Great Rambo}  Bc5 4.O-O Nxe4 5.Nxe5 
d5 6.d4 Nxf2 7.Rxf2 dxc4 8.c3 O-O 9.Nxc4 Be6 
10.Ne3 {So far a Good game}  Bd6 {Yep!}  11.Nd2 c6 
12.Nf3 b6 13.b3 Bf4 14.g3 Bxe3 15.Bxe3 Nd7 16.c4 
Nf6 17.Bg5 h6 18.Bxf6 Qxf6 19.Ne5 Qg5 20.Nxc6 Rfe8 
21.Ne5 Rad8 22.Nf3 Qg4 23.d5 b5 24.Qf1 Bf5 25.Nh4 
Be4 26.Rf4 Qg5 27.Re1 Bd3 28.Qf2 Rxe1+ 29.Qxe1 
bxc4 30.bxc4 Rb8 31.Kg2 Rb2+ 32.Kh3 Re2 33.Qb4 Qd8 
34.Rf3 Qc8+ 35.g4 Bxc4 36.Rc3 Re4 37.Nf5 Qa6 
38.Rxc4 Qxc4 39.Ne7+ Kh7 40.Qxc4 Rxc4 41.d6 Rd4 
42.Nf5 Rd5 43.Kg3 Kg6 44.Ne7+ 1-0

[Event "HCL-E1473"]
[Site "www.playchess.de"]
[Date "2006.01.10"]
[Round "17"]
[White "Andy1"]
[Black "pj287"]
[WhiteElo "1487"]
[BlackElo "1713"]
[PlyCount "65"]
[Result "1-0"]

1.e4 c5 {Hello again from Port Jervis, NY. Have a 
good game.}  2.Nf3 d6 3.d4 cxd4 4.Nxd4 Nf6 5.Nc3 
g6 6.Bd3 Bg7 7.O-O O-O 8.h3 Nc6 9.Nf3 Bd7 10.a3 a6 
11.Bd2 Qc7 12.Nd5 Nxd5 13.exd5 Ne5 14.Nxe5 Bxe5 
15.c3 Bg7 16.Re1 e5 17.c4 Rfe8 18.Rc1 f5 19.b4 b6 
20.Qb3 Reb8 21.Qa2 Rbc8 22.c5 bxc5 23.bxc5 Bb5 
24.cxd6 Qxd6 25.Bb4 Qd7 26.Bxb5 axb5 27.d6+ Kh8 
28.Qd5 Ra7 29.Rxc8+ Qxc8 30.Qxb5 Rd7 31.a4 Bf8 
32.Qxe5+ Rg7 33.d7 1-0

[Event "HCL-E1479"]
[Site "www.playchess.de"]
[Date "2006.01.10"]
[Round "16"]
[White "pruliere"]
[Black "Andy1"]
[WhiteElo "1818"]
[BlackElo "1474"]
[PlyCount "67"]
[Result "1-0"]

1.d4 Nf6 2.c4 g6 3.Nf3 Bg7 4.Nc3 O-O 5.e4 d6 6.Bg5 
Nbd7 7.Qd2 a6 8.Be2 e5 9.dxe5 Nxe5 10.Nxe5 dxe5 
11.Qxd8 Rxd8 12.Nd5 Rd6 13.Nxc7 Rb8 14.f3 Bd7 
15.Nd5 Nxd5 16.cxd5 Rc8 17.Bd3 Rb6 18.b3 f5 19.O-O 
Rc3 20.Bc4 Rd6 21.Rf2 f4 22.Be7 Rb6 23.Bc5 Rf6 
24.Bb4 {happy new year Andy1!}  Rxc4 25.bxc4 Rb6 
26.Ba5 Rf6 27.Rb1 b5 28.c5 Bf8 29.c6 Bc8 30.Bb4 
Bxb4 31.Rxb4 Rd6 32.a4 bxa4 33.Rb8 Rd8 
34.d6 1-0

[Event "HCL-B3650"]
[Site "www.playchess.de"]
[Date "2006.01.10"]
[Round "16"]
[White "Pineywoods"]
[Black "Thrustnicely"]
[WhiteElo "1226"]
[BlackElo "952"]
[PlyCount "93"]
[Result "1-0"]

1.c4 c6 2.g3 d6 3.Bg2 a5 4.d4 a4 5.Nf3 c5 6.d5 f6 
7.O-O g5 8.Nc3 Bd7 9.e4 Nh6 10.h3 e6 11.dxe6 Bxe6 
12.Nxa4 Bxc4 13.Re1 b5 14.Nc3 b4 15.Ne2 b3 16.a3 
Nc6 17.Nd2 Bxe2 18.Qxb3 Nd4 19.Qc3 g4 20.h4 Bf3 
21.Nxf3 Qa5 22.Qxa5 Rxa5 23.Nxd4 cxd4 24.b4 Re5 
25.Bb2 Bg7 26.Bxd4 Re6 27.Rac1 Kf7 28.e5 dxe5 
29.Bd5 Rd8 30.Bxe6+ Kxe6 31.Be3 e4 32.Bxh6 Bxh6 
33.Rc6+ Ke5 34.b5 Ra8 35.b6 Kd5 36.Rc7 Rb8 37.Rxh7 
Bd2 38.Rd1 Rxb6 39.Rxd2+ Ke5 40.Re7+ Kf5 41.Rd5+ 
Kg6 42.Rxe4 f5 43.Red4 Rf6 44.R5d6 Rxd6 45.Rxd6+ 
Kf7 46.a4 Ke7 47.Rd1 1-0

[Event "HCL-E1505"]
[Site "www.playchess.de"]
[Date "2006.01.10"]
[Round "11"]
[White "Sumpfkuh"]
[Black "Zirni"]
[WhiteElo "1865"]
[BlackElo "1656"]
[PlyCount "43"]
[Result "1-0"]

1.d4 {Hi from Germany, I wish us a good and 
interessed game.}  f5 2.g3 Nf6 3.Bg2 e6 4.c4 Nc6 
5.Nf3 b6 6.O-O Bb7 7.Nc3 Bb4 8.d5 Na5 9.dxe6 dxe6 
10.Qa4+ Nc6 11.Ne5 Bxc3 12.Nxc6 Bxc6 13.Bxc6+ Kf7 
14.Bxa8 Qxa8 15.bxc3 h5 16.Bg5 Ne4 17.Qd7+ Kg6 
18.Qxe6+ Kxg5 19.h4+ Kg4 20.Qg6+ Ng5 21.Qxg5+ Kh3 
22.Qxf5+ {Leider hat der Eröffnungsfehler ein 
besseres Spiel verhindert. Weiterhin viel Erfolg 
und bis zum nächstem Mal.}  1-0

[Event "HCL-B3705"]
[Site "www.playchess.de"]
[Date "2006.01.10"]
[Round "3"]
[White "val2005"]
[Black "Raji-Paji"]
[WhiteElo "1200"]
[BlackElo "1177"]
[PlyCount "29"]
[Result "1-0"]

1.d4 Nf6 {hi from nairobi and wish u a good game}  
2.c4 {you too...}  d5 3.Nf3 Nbd7 4.e3 e6 5.Nc3 Bb4 
6.Bd2 O-O 7.Rc1 c5 8.a3 Ba5 9.dxc5 Bxc3 10.Bxc3 
Nxc5 11.b4 Nce4 12.Bd4 Ng4 13.Rc2 Bd7 14.Ra2 e5 
15.Nxe5 1-0

[Event "HCL-B3785"]
[Site "www.playchess.de"]
[Date "2006.01.10"]
[Round "23"]
[White "RUDI"]
[Black "Snillie"]
[WhiteElo "1239"]
[BlackElo "1467"]
[PlyCount "52"]
[Result "0-1"]

1.e4 d6 2.d4 Nf6 3.Nc3 g6 4.Bg5 Bg7 5.Qd2 h6 6.Bh4 
Nbd7 7.O-O-O O-O 8.Kb1 e5 9.dxe5 Nxe5 10.Nd5 g5 
11.Bg3 Nxe4 12.Qe3 Nxg3 13.Qxg3 c6 14.Ne3 Be6 
15.Be2 f5 16.Nf1 Qb6 17.b3 Rae8 18.Nf3 f4 19.Nxe5 
fxg3 20.fxg3 Bxe5 21.Nd2 Rf2 22.Bh5 Bf7 23.Bxf7+ 
Rxf7 24.Nc4 Qc7 25.Rde1 b5 26.Nxe5 
Rxe5 0-1

[Event "HCL-C4007"]
[Site "www.playchess.de"]
[Date "2006.01.10"]
[Round "11"]
[White "cla114"]
[Black "Thrustnicely"]
[WhiteElo "871"]
[BlackElo "1067"]
[PlyCount "31"]
[Result "1-0"]

1.e4 e5 2.Nf3 f6 3.Bc4 Ne7 4.O-O d5 5.Bxd5 Nxd5 
6.exd5 Qxd5 7.d4 Bg4 8.Qd3 Bxf3 9.Qxf3 Qxd4 10.Be3 
Qxb2 11.Nd2 Qxc2 12.Qxb7 Qc6 13.Qc8+ Kf7 14.Rac1 
Qa6 15.Rxc7+ Kg6 16.Qg4+ 1-0

[Event "HCL-M872"]
[Site "www.playchess.de"]
[Date "2006.01.10"]
[Round "16"]
[White "Palamede"]
[Black "slimsboy"]
[WhiteElo "2201"]
[BlackElo "1901"]
[PlyCount "89"]
[Result "1-0"]

1.e4 {Hi and good luck!}  c5 {Aloha, good luck!}  
2.Nf3 {Hi and good luck!}  Nc6 3.d4 cxd4 4.Nxd4 e5 
5.Nb5 d6 6.N1c3 a6 7.Na3 b5 8.Nd5 Nge7 9.c4 Nd4 
10.Be3 Nxd5 {Merry Christmas!}  11.cxd5 {Merry 
Christmas to you too!}  Qa5+ 12.Qd2 Qxd2+ {I'm 
going to stop playing this opening until I find an 
answer to Be3. :o(}  13.Kxd2 {I think Be7 instead 
of Da5+ is better.}  f5 {I tried that vs 
GoodKnight, and got a bad game, but then again 
GoodKnight is better than me, just like you.}  
14.Bxd4 exd4 15.exf5 Bb7 16.Re1+ Kd7 17.Bd3 Be7 
18.Be4 Rac8 19.Nc2 Bf6 20.Nb4 Rc4 21.Nd3 Rhc8 
22.h4 Bd8 23.f6 Bxf6 {Very nice, I missed it 
completly. Happy New Year!}  24.Bf5+ {I wish you 
all the best in new year 2006!}  Kc7 {The same to 
you!}  25.b3 Rc3 26.Bxc8 Bxc8 27.Nf4 Kb6 28.Nh5 
Bf5 29.g4 Bxg4 30.Nxf6 gxf6 31.Re4 Bf5 32.Rxd4 
Rc2+ 33.Ke3 Rxa2 34.Rc1 Bc2 35.Rd2 Bxb3 36.Rc6+ 
Ka5 37.Rxa2+ Bxa2 38.Rxd6 b4 39.Kd4 Kb5 40.Rxf6 a5 
41.Rf7 Bb1 42.d6 Kc6 43.Ke5 b3 44.Rc7+ Kb6 
45.Rc3 1-0

[Event "HCL-E1541"]
[Site "www.playchess.de"]
[Date "2006.01.10"]
[Round "21"]
[White "yannick"]
[Black "Vinci"]
[WhiteElo "1613"]
[BlackElo "1588"]
[PlyCount "33"]
[Result "1-0"]

1.e4 {hi,good tournament}  e5 {hi, enjoy the game 
:-)}  2.Nf3 Nf6 3.d4 Nxe4 4.Bd3 d5 5.Nxe5 f5 
6.Qh5+ g6 7.Nxg6 Nf6 8.Qe2+ Be7 9.Nxh8 Nc6 10.Be3 
Be6 11.c4 Kd7 12.cxd5 Nxd5 13.Nf7 Bxf7 14.Bxf5+ 
Be6 15.Bxe6+ Kxe6 16.Nc3 Kf7 17.Qh5+ 1-0

[Event "HCL-A2537"]
[Site "www.playchess.de"]
[Date "2006.01.10"]
[Round "5"]
[White "slavi"]
[Black "kikkone"]
[WhiteElo "1558"]
[BlackElo "1805"]
[PlyCount "48"]
[Result "0-1"]

1.e4 {Hi from Bulgaria...}  d6 {Hi, from 
Switzerland}  2.d4 Nf6 3.Nc3 g6 4.f4 Bg7 5.Nf3 O-O 
6.Be3 b6 7.Qd2 Bb7 8.Bd3 Nbd7 9.O-O-O Ng4 10.h3 
Nxe3 11.Qxe3 c5 12.d5 a6 13.g4 b5 14.a3 Bxc3 
15.bxc3 Qa5 16.Kb2 Nb6 17.Rda1 Na4+ 18.Kc1 Qxc3 
19.Ra2 c4 20.Qd2 cxd3 21.Qxd3 Rac8 22.Qxc3 Nxc3 
23.Rb2 Nxe4 24.Rh2 Bxd5 0-1

[Event "HCL-B3757"]
[Site "www.playchess.de"]
[Date "2006.01.10"]
[Round "15"]
[White "trebli"]
[Black "epenz"]
[WhiteElo "846"]
[BlackElo "980"]
[PlyCount "58"]
[Result "0-1"]

1.e4 e5 2.d3 Nf6 3.Nc3 d6 4.Nf3 Be6 5.g3 Be7 6.Be3 
c6 7.b4 a5 8.a3 Nbd7 9.Ng5 Ng4 10.Bh3 Nxe3 11.fxe3 
Bxg5 12.Bxe6 fxe6 13.Qg4 Qe7 14.Ke2 O-O-O 15.Rhf1 
Rhf8 16.h4 Bh6 17.h5 Nf6 18.Qh4 g5 19.Qh1 b6 
20.Na4 Kb7 21.d4 Qc7 22.c4 d5 23.exd5 exd5 24.dxe5 
Qxe5 25.g4 {merry christmas}  Nxg4 {feliz navidad} 
 26.Rxf8 Rxf8 27.c5 {y muy feliz año nuevo.}  b5 
{feliz año!!!}  28.e4 Rf2+ 29.Ke1 
Qxa1+ 0-1

[Event "HCL-E1538"]
[Site "www.playchess.de"]
[Date "2006.01.10"]
[Round "10"]
[White "puddschini"]
[Black "Matu"]
[WhiteElo "2031"]
[BlackElo "1461"]
[PlyCount "37"]
[Result "1-0"]

1.d4 {Schöne Partie.}  Nf6 {danke gleichfalls}  
2.c4 e6 3.Nf3 d5 4.Nc3 a6 5.cxd5 Nxd5 6.e4 Nxc3 
7.bxc3 c5 8.Be2 cxd4 9.cxd4 Bb4+ 10.Bd2 Qa5 11.Rb1 
Nc6 12.Rxb4 Nxb4 13.Qb3 Qxa2 14.Qxb4 b5 15.O-O Bd7 
16.Qd6 Qc2 17.Bb4 Kd8 18.Ne5 Qc7 
19.Ba5 1-0

[Event "HCL-B3771"]
[Site "www.playchess.de"]
[Date "2006.01.10"]
[Round "21"]
[White "epenz"]
[Black "GMO"]
[WhiteElo "944"]
[BlackElo "1312"]
[PlyCount "108"]
[Result "0-1"]

1.e4 e5 2.Nf3 d6 3.Bc4 h6 4.O-O Nf6 5.d3 Be7 6.Nc3 
a6 7.a3 O-O 8.Nd5 Nxd5 9.Bxd5 c6 10.Bb3 a5 11.c4 
b5 12.cxb5 cxb5 13.Bd2 Nc6 14.Rc1 Na7 15.Be3 Bb7 
16.Qd2 Bf6 17.Rc2 a4 18.Ba2 d5 19.exd5 Bxd5 
20.Bxd5 Qxd5 21.Rc7 Nc6 22.Rc1 Rac8 23.Rxc8 Rxc8 
24.h3 Rd8 25.Ne1 Nd4 26.Bxd4 Qxd4 27.Nf3 Qxd3 
28.Qxd3 Rxd3 29.Kf1 Rb3 30.Rc2 e4 31.Nd2 Rxb2 
32.Rc8+ Kh7 33.Nxe4 Be5 34.Rc5 f6 35.Ke1 Bd4 
36.Rd5 Be5 37.g4 Rb3 38.Ke2 Rxh3 39.Rxb5 Rxa3 
40.Ra5 Ra2+ 41.Kf1 Bd4 42.Kg2 a3 43.Kf3 Bb2 44.Ke3 
Bc1+ 45.Kf3 Rc2 46.Kg3 a2 47.f3 Be3 48.Nd6 Bd4 
49.Nf5 a1Q 50.Rxa1 Bxa1 51.Kf4 Be5+ 52.Ke4 g6 
53.Nh4 g5 54.Nf5 Rc3 0-1

[Event "HCL-C3953"]
[Site "www.playchess.de"]
[Date "2006.01.10"]
[Round "6"]
[White "arsenio"]
[Black "epenz"]
[WhiteElo "1099"]
[BlackElo "908"]
[PlyCount "101"]
[Result "1-0"]

1.e4 e5 2.Nf3 Nc6 3.Bb5 d6 4.d4 Bd7 5.Nc3 Nf6 
6.O-O Be7 7.Bg5 h6 8.Bxf6 Bxf6 9.dxe5 dxe5 10.h3 
a6 11.Ba4 b5 12.Bb3 O-O 13.Nd5 Be6 14.Nxf6+ Qxf6 
15.Bxe6 Qxe6 16.Qd5 Rfe8 17.Rad1 f6 18.Nh4 Rad8 
19.Qxe6+ Rxe6 20.Rxd8+ Nxd8 21.Nf5 Rc6 22.Ne7+ 
{??}  Kh7 23.Nxc6 Nxc6 24.f4 g6 25.fxe5 Nxe5 
26.Rxf6 a5 27.Re6 Nc4 28.b3 Nd2 29.Re7+ Kg8 
30.Rxc7 Nxe4 31.c4 bxc4 32.Rxc4 Nd2 33.Ra4 Nb1 
34.Rxa5 Nc3 35.Ra7 h5 36.b4 g5 37.a3 Kf8 38.Kf2 
Kg8 39.Ke3 Nd5+ 40.Ke4 Nc3+ 41.Kf5 g4 42.hxg4 hxg4 
43.Kxg4 Kf8 44.Kh4 Ke8 45.g4 Kf8 46.g5 Nb5 47.Rb7 
Nd6 48.Rd7 Nf5+ 49.Kh5 Ng7+ 50.Rxg7 Kxg7 
51.b5 1-0

[Event "HCL-C3939"]
[Site "www.playchess.de"]
[Date "2006.01.10"]
[Round "21"]
[White "googleforu"]
[Black "O_Man"]
[WhiteElo "1183"]
[BlackElo "1166"]
[PlyCount "77"]
[Result "1/2-1/2"]

1.e4 c5 2.d4 cxd4 3.Qxd4 Nc6 4.Qd1 e5 5.Nc3 Bb4 
6.Bd2 Nf6 7.a3 Bxc3 8.Bxc3 Nxe4 9.Nf3 Nxc3 10.bxc3 
Qa5 11.Qd2 O-O 12.c4 d6 13.Qxa5 Nxa5 14.Bd3 Be6 
15.O-O Nxc4 16.a4 Bd5 17.Bxc4 Bxc4 18.Rfe1 b5 
19.axb5 Bxb5 20.h3 a6 21.Red1 Rfd8 22.Ra3 Rac8 
23.c3 Be2 24.Rd2 Bxf3 25.gxf3 Rc6 26.Kg2 d5 27.Kg3 
d4 28.cxd4 Rxd4 29.Rb2 {(offering draw)}  g6 
30.Rb8+ Kg7 31.Ra8 f5 32.R8xa6 Rxa6 33.Rxa6 Kh6 
34.Ra7 g5 35.Ra5 Kg6 36.Rxe5 {(offering draw)}  
f4+ 37.Kg2 {(offering draw)}  Kh5 38.Re6 Rd5 
39.Rf6 {(offering draw)}  1/2-1/2

[Event "HCL-B3767"]
[Site "www.playchess.de"]
[Date "2006.01.10"]
[Round "8"]
[White "Marvinni"]
[Black "christianxxl"]
[WhiteElo "1400"]
[BlackElo "1400"]
[PlyCount "51"]
[Result "1-0"]

1.e4 e6 2.d3 d5 3.Nd2 Nf6 4.Ngf3 Nc6 5.g3 Bc5 
6.Bg2 h6 7.O-O b6 8.c3 Ba6 9.Qa4 Bb7 10.e5 Nd7 
11.d4 Be7 12.Re1 O-O 13.Nf1 a5 14.h4 f6 15.exf6 
Rxf6 16.Bf4 Qf8 17.N1h2 Bd6 18.Ne5 Bxe5 19.dxe5 
Rf7 20.Qc2 Qc5 21.Qg6 Ncxe5 22.Bxe5 Qxf2+ 23.Kh1 
Nxe5 24.Rxe5 Raf8 25.Ng4 Qxb2 26.Nxh6+ 1-0

[Event "HCL-B3758"]
[Site "www.playchess.de"]
[Date "2006.01.10"]
[Round "1"]
[White "schnitzly"]
[Black "Sporang"]
[WhiteElo "1274"]
[BlackElo "1065"]
[PlyCount "72"]
[Result "0-1"]

1.e4 {hi and much fun!}  e5 2.Nf3 Nc6 {thank you 
and you to!}  3.Bb5 d6 4.Nc3 a6 5.Ba4 b5 6.Bb3 Bb7 
7.O-O Be7 8.Re1 Nf6 9.d3 h6 10.d4 exd4 11.Nxd4 
Nxd4 12.Qxd4 c5 13.Bxf7+ Kxf7 14.Qd1 Re8 15.Nd5 
Nxd5 16.exd5 Kg8 17.Re6 Bf6 18.Qg4 Bxd5 19.Rxe8+ 
Qxe8 20.Bxh6 Qe7 21.c3 Re8 22.Be3 Be6 23.Qe4 d5 
24.Qd3 c4 25.Qd2 Rd8 26.Rd1 b4 27.Bd4 bxc3 28.bxc3 
Bxd4 29.Qxd4 Qf6 30.Qb6 Bc8 31.Qe3 Bb7 32.Rd4 Bc6 
33.Rf4 Qd6 34.Rd4 Re8 35.Qc1 Qa3 36.Rd2 
Qxc1+ 0-1

[Event "HCL-C3986"]
[Site "www.playchess.de"]
[Date "2006.01.10"]
[Round "2"]
[White "malcolm123"]
[Black "WPrimo"]
[WhiteElo "800"]
[BlackElo "1200"]
[PlyCount "72"]
[Result "0-1"]

1.e4 e5 2.Nf3 Nc6 3.Nc3 Bc5 4.Bb5 d6 5.Bxc6+ bxc6 
6.O-O Ba6 7.d3 Nf6 8.Bg5 h6 9.Bxf6 Qxf6 10.b3 O-O 
11.Na4 Bb6 12.a3 Bb5 13.Nxb6 cxb6 14.c4 Ba6 15.b4 
Bc8 16.Qa4 {(offering draw)}  c5 17.Qc6 Bg4 
18.bxc5 bxc5 19.Rad1 {(offering draw)}  Rfd8 20.h3 
Bxf3 21.gxf3 Qxf3 22.Qd5 {(offering draw)}  Qxh3 
23.d4 cxd4 24.f3 {(offering draw)}  Qe6 25.Qxe6 
fxe6 26.f4 Rab8 27.fxe5 dxe5 28.c5 Rdc8 29.Rdc1 
{(offering draw)}  Rb3 30.Rca1 Rxc5 31.Rf2 
{(offering draw)}  d3 32.a4 Rc2 33.Rxc2 dxc2 
34.Rc1 Rb1 35.Rxb1 cxb1Q+ 36.Kf2 
Qxe4 0-1

[Event "HCL-E1514"]
[Site "www.playchess.de"]
[Date "2006.01.10"]
[Round "21"]
[White "Tarrega"]
[Black "Andy1"]
[WhiteElo "1541"]
[BlackElo "1399"]
[PlyCount "73"]
[Result "1-0"]

1.e4 d5 2.exd5 Nf6 3.d4 Nxd5 4.c4 Nf6 5.Nf3 Bg4 
6.Be2 e6 7.O-O Bxf3 8.Bxf3 c6 9.Nc3 h6 10.Re1 Bb4 
11.Be3 O-O 12.Rc1 Nbd7 13.a3 Bxc3 14.Rxc3 Rc8 
15.b4 Nb6 16.Qc1 Kh7 17.Qc2+ g6 18.h4 h5 19.Rd1 
Nbd7 20.Bg5 Qe8 21.Qe2 Rh8 22.Re3 Kg7 23.d5 cxd5 
24.cxd5 e5 25.d6 b6 26.Bxf6+ Kxf6 27.Bd5 Kg7 28.f4 
f6 29.Bb7 Rd8 30.Bc6 Qe6 31.Bxd7 Rxd7 32.fxe5 f5 
33.Rc1 Re8 34.Qb5 Red8 35.Qc4 Qxc4 36.Rxc4 Kf8 
37.e6 1-0

[Event "HCL-B3771"]
[Site "www.playchess.de"]
[Date "2006.01.10"]
[Round "35"]
[White "cioran"]
[Black "GMO"]
[WhiteElo "1214"]
[BlackElo "1312"]
[PlyCount "45"]
[Result "1-0"]

1.d4 d5 2.Nf3 Bg4 3.e3 e6 4.Be2 Nc6 5.h3 Bxf3 
6.Bxf3 Nf6 7.Bd2 Be7 8.O-O O-O 9.Nc3 a6 10.Re1 h6 
11.e4 dxe4 12.Bxe4 Nxe4 13.Nxe4 Nxd4 14.Bc3 Nc6 
15.Qg4 g6 16.Qf4 Bg5 17.Nxg5 Qxg5 18.Qxc7 Rab8 
19.Rad1 Qe7 20.Rd7 Qe8 21.Red1 Qc8 22.Qf4 Kh7 
23.Rxf7+ 1-0

[Event "HCL-B3704"]
[Site "www.playchess.de"]
[Date "2006.01.10"]
[Round "2"]
[White "Bauernopfer"]
[Black "GMO"]
[WhiteElo "1299"]
[BlackElo "1281"]
[PlyCount "92"]
[Result "1-0"]

1.c3 e5 2.d4 exd4 3.cxd4 d5 4.Nf3 Nf6 5.Bg5 Be7 
6.a3 O-O 7.Nc3 h6 8.Bxf6 Bxf6 9.e3 Bf5 10.Bd3 Bxd3 
11.Qxd3 c6 12.O-O Nd7 13.b4 b5 14.Rfe1 a5 15.bxa5 
Rxa5 16.Rec1 Re8 17.Ne2 Qb6 18.Ra2 Be7 19.Nf4 Nf6 
20.Ne5 Rc8 21.h3 Bd6 22.Qf5 Qc7 23.Rxc6 Bxe5 
24.Rxc7 Rxc7 25.Qxe5 Rc1+ 26.Kh2 Rc8 27.Qf5 Rd8 
28.Qc2 Ne4 29.f3 Nf6 30.Qc7 Raa8 31.Rb2 Rab8 
32.Qc6 Rba8 33.Rb3 Ra5 34.Qb6 Rda8 35.Qd6 R5a6 
36.Qc5 R6a5 37.Rxb5 R5xa3 38.Nxd5 Nxd5 39.Qxd5 Re8 
40.e4 Ra7 41.Rb7 Rxb7 42.Qxb7 Rd8 43.d5 Kf8 44.Qc7 
Re8 45.Kg3 Kg8 46.h4 Kf8 1-0

[Event "HCL-B3791"]
[Site "www.playchess.de"]
[Date "2006.01.10"]
[Round "6"]
[White "Kannsnich"]
[Black "JMD"]
[WhiteElo "1147"]
[BlackElo "1396"]
[PlyCount "25"]
[Result "1-0"]

1.c4 g6 {hello from Paris}  2.Nc3 {hi from munich} 
 Bg7 3.Nf3 c6 4.e4 e5 5.g3 d6 6.Bg2 Be6 7.b3 h6 
8.Bb2 Na6 9.O-O Ne7 10.d4 exd4 11.Nxd4 Qd7 12.Rc1 
O-O 13.Ba3 1-0